Brentford Squad 23/24 - Statistics

General Stats
  • This quiz has been taken 65 times
    59 since last reset
  • The average score is 22 of 27
Answer Stats
# Former Club Nation Answer % Correct
1 Freiburg Netherlands Mark Flekken
100%
2 Bologna Scotland Aaron Hickey
98%
5 Barnsley Jamaica Ethan Pinnock
98%
8 Celta Denmark Mathias Jensen
96%
16 Burnley England Ben Mee
93%
6 Fiorentina Denmark Christian Norgaard
93%
24 Sampdoria Denmark Mikkel Damsgaard
93%
11 Lorient DR Congo Yoane Wissa
93%
19 Troyes Cameroon Bryan Mbeumo
91%
7 Everton France Neal Maupay
91%
27 Bochum Germany Vitaly Janelt
89%
17 Peterborough England Ivan Toney
87%
10 Arsenal England Josh Dasilva
84%
9 Freiburg Germany Kevin Schade
84%
20 Celtic Norway Kristoffer Ajer
84%
22 Wolves Ireland Nathan Collins
84%
3 Walsall England Rico Henry
84%
15 Midtjylland Nigeria Frank Onyeka
80%
14 Amiens Iran Saman Ghoddos
78%
21 Lazio Albania Thomas Strakosha
78%
23 Hull City England Keane Lewis-Potter
73%
26 Oxford Utd Grenada Shandon Baptiste
71%
30 Kopenhagen Denmark Mads Roerslev
64%
13 Fenerbahce Denmark Mathias Jorgensen
62%
4 Northampton England Charlie Goode
58%
33 Dnipro Ukraine Yehor Yarmoliuk
42%
25 Youth England Myles Peart-Harris
40%
No matching quizzes found
Score Distribution
Percent of People with Each Score
Percentile by Number Answered
Your Score History
You have not taken this quiz since the last reset